| 000 | 01122nam a22001577a 4500 | ||
|---|---|---|---|
| 999 |
_c521141 _d521141 |
||
| 008 | 221216b ||||| |||| 00| 0 eng d | ||
| 100 |
_aMortimer, Sarah _936314 |
||
| 245 | _aWarfare, Christianity, and the law of nature | ||
| 260 | _aJournal of the History of Ideas | ||
| 300 | _a83(4), Oct, 2022: p.613-628 | ||
| 520 | _aEarly modern efforts to justify warfare entailed serious reflection on the relationship between Christianity and nature or natural law. Those working in a Thomist tradition could draw on a concept of natural law as an ethical system distinct from Christianity; others rejected that concept, working instead to show that warfare could form part of the duties of Christians. All sides recognized the tension between the words of Christ and the demands of human political life, especially when it came to defending military activity. That tension produced creative discussions of natural law, political thought, and theology, in the universities and beyond.-Reproduced | ||
| 650 |
_aChristianity, Warfare _936315 |
||
| 773 | _aJournal of the History of Ideas | ||
| 906 | _aRELIGION | ||
| 942 | _cAR | ||